Bệnh thường gặp ở chó mèo và cách phòng trị

Đã lưu trong:
书目详细资料
主要作者: Vương, Đức Chất
格式: 图书
语言:Undetermined
出版: Hà Nội Nông nghiệp 2004
主题:
标签: 添加标签
没有标签, 成为第一个标记此记录!
Thư viện lưu trữ: Trung tâm Học liệu Trường Đại học Cần Thơ
LEADER 00655nam a2200205Ia 4500
001 CTU_88148
008 210402s9999 xx 000 0 und d
020 |c 16000 
082 |a 636.7089 
082 |b Ch124 
100 |a Vương, Đức Chất 
245 0 |a Bệnh thường gặp ở chó mèo và cách phòng trị 
245 0 |c Vương Đức Chất, Lê Thị Tài 
260 |a Hà Nội 
260 |b Nông nghiệp 
260 |c 2004 
650 |a Cats,Dogs,Veterinary medicine,Dogs 
650 |x Diseases,Diseases,Parasites 
904 |i Tuyến 
980 |a Trung tâm Học liệu Trường Đại học Cần Thơ